| 000 | 00528nam a2200169 i 4500 | ||
|---|---|---|---|
| 001 | 23177 | ||
| 003 | ES-MaACL | ||
| 007 | t| | ||
| 008 | 021209s1942 sp ||||1| spa d | ||
| 100 | 1 |
_aAlvira Mallen, Mariano. _921044 |
|
| 245 | 1 | 0 |
_aEquinococosis pulmonar / _cpor Mariano Alvira Mallen. |
| 260 |
_aZaragoza : _b[s.n., _c1942] ( _fImp. Octavio y Félez) |
||
| 300 |
_a100 p., 33 lám. : _bil. ; _c24 cm. |
||
| 500 | _aCon dedicatoria manuscrita del autor. | ||
| 502 | _aTesis doctoral. | ||
| 852 |
_aES-MaACL _jE-23 _bR.21387 |
||
| 999 |
_c23177 _d23177 |
||